| 000 | 00383nam a22001577a 4500 | ||
|---|---|---|---|
| 003 | SGT | ||
| 020 | _a978-0-07-180213-0 | ||
| 082 |
_a616 _bH15K |
||
| 100 | _aKASPER, DENNIS.L. | ||
| 245 | _aHARRISON'S PRINCIPLES OF INTERNAL MEDICINE | ||
| 250 | _a19TH | ||
| 260 |
_aNEW DELHI _bMC.GRAW HILL _c2015 |
||
| 300 | _a465,I-200,2770,I-200,486e1 | ||
| 650 | _aAYURVEDA | ||
| 942 |
_2ddc _cBK |
||
| 999 |
_c14954 _d14954 |
||